La España del antiguo régimen: Salamanca

Guardat en:
Dades bibliogràfiques
Autor principal: Mateos, María Dolores (autora)
Format: Llibre
Idioma:espanyol
Publicat: Salamanca, España Universidad de España 1966
Col·lecció:Filosofía y Letras, 52
Matèries:
Etiquetes: Afegir etiqueta
Sense etiquetes, Sigues el primer a etiquetar aquest registre!

MARC

LEADER 00000nam a2200000 a 4500
001 UCO1275
003 CL-VaPUC
005 20241018150434.0
008 000512e19660000SP |||||||||||||||||spa|d
999 |c 287903  |d 287901 
040 |c Pontificia Universidad Católica de Valparaíso 
082 0 4 |a 946.25 MAT 1966  |2 21 
100 |a Mateos, María Dolores  |e autora  |9 443238 
245 1 3 |a La España del antiguo régimen:  |b  Salamanca 
260 |a Salamanca, España  |b Universidad de España  |c 1966 
300 |a 64 páginas 
490 0 |a Filosofía y Letras,  |v  52 
583 |a last modification  |c 20180403 04:26:11  |k Rodrigo Vera 
650 0 |a Historia de España  |9 315435 
650 7 |a HISTORIA DE SALAMANCA  |2 CL-VaPUC  |9 442522 
650 0 |a Geografía  |z ESPAÑA  |z SALAMANCA  |9 259346 
650 0 |a Ciudades  |z SALAMANCA  |z ESPAÑA  |9 265474 
650 0 |a Demografía   |z SALAMANCA  |z ESPAÑA  |9 260008 
852 |a BIBCUR 
942 |c BK  |2 ddc 
945 |d 20000512 00:00:00  |a rherrera 
952 |0 0  |1 0  |2 ddc  |4 0  |6 946_250000000000000_MAT_1966  |7 0  |8 A  |9 334994  |a BIBHIS  |b BIBHIS  |d 2019-11-20  |i 1269550  |o 946.25 MAT 1966  |p 1269550  |r 2025-01-20  |t 1  |w 2019-11-20  |y BK  |k HIS